[Event "Mittelfranken Landesliga Sued 2122"]
[Site "Mittelfranken"]
[Date "2022.03.20"]
[Round "4.3"]
[White "Player, Edmund C"]
[Black "Maruntis, Patrik Robert"]
[Result "0-1"]
[WhiteElo "2203"]
[BlackElo "2167"]
[PlyCount "66"]
[EventDate "2021.10.24"]
[EventType "team-tourn"]
[EventRounds "9"]
[EventCountry "GER"]
[SourceTitle "EXT 2024"]
[Source "ChessBase"]
[SourceDate "2023.10.10"]
[SourceVersion "1"]
[SourceVersionDate "2023.10.10"]
[SourceQuality "1"]
[WhiteTeam "Bayern Muenchen III"]
[BlackTeam "Muenchen SC II"]
[WhiteTeamCountry "GER"]
[BlackTeamCountry "GER"]

1. e4 c5 2. Nf3 d6 3. d4 cxd4 4. Nxd4 Nf6 5. Nc3 a6 6. h3 g6 7. Bg5 Bg7 8. Qd2 Nc6 9. Nb3 Be6 10. Be2 Rc8 11. 0-0 0-0 12. f4 Bxb3 13. axb3 Nd7 14. Bg4 Nd4 15. Ra4 Ne6 16. Nd5 Re8 17. Bh4 h5 18. Bf3 Ndc5 19. f5 Nxa4 20. fxe6 fxe6 21. Nf4 Bh6 22. bxa4 Qb6+ 23. Bf2 Qxb2 24. Bd1 Qe5 25. Bd4 Qxe4 26. Be3 Rf8 27. c3 Qe5 28. Bc2 Qxc3 29. Bxg6 Qxd2 30. Bxd2 e5 31. Nd5 Bxd2 32. Nxe7+ Kg7 33. Nxc8 Be3+ 0-1

[Event "Romania blitz online op final"]
[Site "Chess.com INT"]
[Date "2020.05.06"]
[Round "1"]
[White "Botea, David Alexandru"]
[Black "Maruntis, Patrik Robert"]
[Result "0-1"]
[WhiteElo "1900"]
[BlackElo "1904"]
[PlyCount "115"]
[EventDate "2020.05.06"]
[EventType "swiss (blitz)"]
[EventRounds "9"]
[EventCountry "ROU"]
[SourceTitle "CBM 196 Extra"]
[Source "ChessBase"]
[SourceDate "2020.07.31"]
[SourceVersion "1"]
[SourceVersionDate "2020.07.31"]
[SourceQuality "1"]

1. e4 d6 2. d4 g6 3. Nc3 Bg7 4. f4 Nf6 5. Nf3 0-0 6. e5 dxe5 7. fxe5 Nd5 8. Bc4 Nxc3 9. bxc3 c5 10. Be3 Bg4 11. 0-0 Nc6 12. h3 cxd4 13. cxd4 Bxf3 14. Rxf3 e6 15. c3 Rc8 16. Be2 Ne7 17. c4 Nf5 18. Bf2 Nh4 19. Rb3 b6 20. Qe1 Nf5 21. Rd1 Qc7 22. Rc3 Rfd8 23. c5 Ne7 24. Bf3 Nd5 25. Bxd5 Rxd5 26. Rdc1 b5 27. Qe2 Qc6 28. Rb1 a6 29. a4 Rb8 30. Rcb3 f6 31. exf6 Bxf6 32. axb5 axb5 33. Rxb5 Rxb5 34. Qxb5 Qxb5 35. Rxb5 Bxd4 36. Bxd4 Rxd4 37. Kf2 Rc4 38. Rb6 e5 39. Rc6 Kf7 40. Ke3 h6 41. Kd3 Rd4+ 42. Kc3 Rd8 43. Rc7+ Ke6 44. Rh7 h5 45. Kc4 e4 46. Ra7 Ke5 47. Ra1 e3 48. c6 Kf4 49. Re1 Kg3 50. Kb5 Kf2 51. Rb1 e2 52. Kb6 Rd1 53. Rb2 Kf1 54. Rxe2 Kxe2 55. c7 Rc1 56. Kb7 Kf2 57. c8Q Rxc8 58. Kxc8 0-1

[Event "Bayern-chI Bank Hofmann 23rd"]
[Site "Tegernsee"]
[Date "2019.10.29"]
[Round "4"]
[White "Maruntis, Patrik Robert"]
[Black "Morawietz, Dieter"]
[Result "1/2-1/2"]
[WhiteElo "1707"]
[BlackElo "2419"]
[PlyCount "64"]
[EventDate "2019.10.26"]
[EventType "swiss"]
[EventRounds "9"]
[EventCountry "GER"]
[SourceTitle "CBM 192 Extra"]
[Source "Chessbase"]
[SourceDate "2019.11.06"]
[SourceVersion "1"]
[SourceVersionDate "2019.11.06"]
[SourceQuality "1"]

1. e4 c5 2. Nf3 e6 3. c4 Nc6 4. Nc3 e5 5. g3 d6 6. Bg2 g6 7. d3 Bg7 8. Be3 Nge7 9. 0-0 0-0 10. Qd2 Nd4 11. Bxd4 cxd4 12. Nd5 h6 13. Nxe7+ Qxe7 14. Ne1 f5 15. f4 Be6 16. exf5 gxf5 17. Nc2 Kh8 18. Rae1 Rae8 19. b3 Qd7 20. Nb4 Bg8 21. Nd5 Bh7 22. Re2 e4 23. Rfe1 e3 24. Qd1 Rb8 25. a4 Bg6 26. Bf3 a5 27. Rg2 Bf7 28. Ree2 Be6 29. Rc2 Qd8 30. Qe1 Rc8 31. h4 Rc5 32. Kh2 Qd7 1/2-1/2

[Event "EU-ch U14"]
[Site "Bratislava"]
[Date "2019.08.09"]
[Round "8"]
[White "Maruntis, Patrik Robert"]
[Black "Djurovic, Peko"]
[Result "1-0"]
[WhiteElo "1864"]
[BlackElo "2048"]
[PlyCount "99"]
[EventDate "2019.08.02"]
[EventType "swiss"]
[EventRounds "9"]
[EventCountry "SVK"]
[SourceTitle "EXT 2020"]
[Source "ChessBase"]
[SourceDate "2019.10.17"]
[SourceVersion "1"]
[SourceVersionDate "2019.10.17"]
[SourceQuality "1"]

1. e4 c5 2. Nf3 Nc6 3. d4 cxd4 4. Nxd4 Nf6 5. Nc3 e5 6. Ndb5 d6 7. Bg5 a6 8. Na3 b5 9. Nd5 Be7 10. Bxf6 Bxf6 11. c3 Bg5 12. Be2 0-0 13. 0-0 Be6 14. Nc2 Ne7 15. Ncb4 Kh8 16. a4 a5 17. Nxe7 axb4 18. Nc6 Qb6 19. axb5 Rxa1 20. Qxa1 bxc3 21. bxc3 Qc5 22. Qa7 Qxc3 23. Qc7 Qd2 24. b6 Qxe2 25. b7 Bc4 26. Rb1 h6 27. Qxd6 Re8 28. b8Q Rxb8 29. Qxb8+ Kh7 30. Qxe5 Be6 31. Qc3 Qxe4 32. Re1 Qd5 33. Nd4 Bd7 34. Nf3 Bf6 35. Qd2 Qxd2 36. Nxd2 Be6 37. Ne4 Bd4 38. h3 g5 39. g4 Kg6 40. Kg2 f5 41. Nxg5 Bc8 42. Nf3 Bf6 43. Kg3 Bb7 44. Nh4+ Bxh4+ 45. Kxh4 Be4 46. f4 Bd3 47. Re6+ Kg7 48. g5 hxg5+ 49. Kxg5 Kh7 50. Rf6 1-0

[Event "EU-ch U14"]
[Site "Bratislava"]
[Date "2019.08.08"]
[Round "7"]
[White "Chlpek, Daniel"]
[Black "Maruntis, Patrik Robert"]
[Result "1/2-1/2"]
[WhiteElo "1912"]
[BlackElo "1864"]
[PlyCount "72"]
[EventDate "2019.08.02"]
[EventType "swiss"]
[EventRounds "9"]
[EventCountry "SVK"]
[SourceTitle "EXT 2020"]
[Source "ChessBase"]
[SourceDate "2019.10.17"]
[SourceVersion "1"]
[SourceVersionDate "2019.10.17"]
[SourceQuality "1"]

1. d4 Nf6 2. c4 g6 3. Nc3 Bg7 4. e4 d6 5. Nf3 0-0 6. h3 c6 7. Be3 Qc7 8. g4 e5 9. Bg2 Nbd7 10. Qc2 a6 11. 0-0 b5 12. cxb5 cxb5 13. Qe2 b4 14. Nd5 Nxd5 15. exd5 Bb7 16. dxe5 dxe5 17. Qd2 Qd6 18. Ng5 Nf6 19. Rac1 Rac8 20. Rxc8 Rxc8 21. Ne4 Nxe4 22. Bxe4 Bf8 23. Rd1 Qd7 24. Qd3 Bd6 25. Kg2 Kg7 26. f3 Rg8 27. f4 exf4 28. Bd4+ f6 29. g5 Be5 30. gxf6+ Bxf6 31. Bxf6+ Kxf6 32. Qd4+ Kf7 33. d6 Re8 34. Bd5+ Re6 35. Qxf4+ Kg7 36. Qd4+ Kh6 1/2-1/2

[Event "EU-ch U14"]
[Site "Bratislava"]
[Date "2019.08.05"]
[Round "4"]
[White "Maruntis, Patrik Robert"]
[Black "Cagil, Celal Yavuz"]
[Result "1/2-1/2"]
[WhiteElo "1864"]
[BlackElo "1096"]
[PlyCount "41"]
[EventDate "2019.08.02"]
[EventType "swiss"]
[EventRounds "9"]
[EventCountry "SVK"]
[SourceTitle "EXT 2020"]
[Source "ChessBase"]
[SourceDate "2019.10.17"]
[SourceVersion "1"]
[SourceVersionDate "2019.10.17"]
[SourceQuality "1"]

1. e4 e6 2. d4 d5 3. Nd2 c5 4. c3 Nc6 5. Ngf3 Qb6 6. exd5 exd5 7. Qb3 Qxb3 8. axb3 cxd4 9. Nxd4 Nxd4 10. cxd4 a6 11. Bd3 Bd6 12. 0-0 Ne7 13. f4 g6 14. Nf3 Nc6 15. Bd2 0-0 16. g3 Bg4 17. Ne5 Bh3 18. Rfd1 Nxd4 19. Ra4 Bxe5 20. fxe5 Nf3+ 21. Kf2 1/2-1/2

[Event "Bayern-chI Bank Hofmann 22nd"]
[Site "Tegernsee"]
[Date "2018.11.01"]
[Round "6"]
[White "Iniyan, Panneerseluam"]
[Black "Maruntis, Patrik Robert"]
[Result "1-0"]
[WhiteElo "2476"]
[BlackElo "1680"]
[PlyCount "47"]
[EventDate "2018.10.27"]
[EventType "swiss"]
[EventRounds "9"]
[EventCountry "GER"]
[SourceTitle "CBM 187 Extra"]
[Source "ChessBase"]
[SourceDate "2018.11.04"]
[SourceVersion "1"]
[SourceVersionDate "2018.11.04"]
[SourceQuality "1"]

1. d4 Nf6 2. c4 e6 3. Nc3 Bb4 4. e3 b6 5. Bd3 Bb7 6. Nf3 0-0 7. 0-0 Bxc3 8. bxc3 d5 9. Nd2 Ne4 10. f3 Nxd2 11. Qxd2 Nd7 12. cxd5 exd5 13. e4 Re8 14. e5 c5 15. f4 c4 16. Bc2 Nf8 17. Ba3 Re6 18. f5 Rh6 19. f6 Ng6 20. e6 fxe6 21. f7+ Kh8 22. Bxg6 Rxg6 23. f8Q+ Qxf8 24. Rxf8+ 1-0

[Event "ROM-ch U12"]
[Site "Baile Felix"]
[Date "2017.02.05"]
[Round "5"]
[White "Maruntis, Patrik Robert"]
[Black "Stepanencu, Nicodim Cosmin"]
[Result "0-1"]
[WhiteElo "1520"]
[BlackElo "1753"]
[PlyCount "92"]
[EventDate "2017.02.02"]
[EventType "swiss"]
[EventRounds "9"]
[EventCountry "ROU"]
[SourceTitle "CBM 176 Extra"]
[Source "ChessBase"]
[SourceDate "2017.03.02"]
[SourceVersion "1"]
[SourceVersionDate "2017.03.02"]
[SourceQuality "1"]

1. d4 d5 2. Nc3 Bf5 3. Bf4 c5 4. e3 Nc6 5. Nf3 e6 6. Be2 cxd4 7. exd4 Bd6 8. Bxd6 Qxd6 9. a3 Nf6 10. Nb5 Qd8 11. 0-0 0-0 12. Re1 Bg4 13. Ne5 Bxe2 14. Rxe2 Qb6 15. Nxc6 bxc6 16. Nc3 Qxb2 17. Na4 Qb5 18. Nc5 Rab8 19. Re3 Qc4 20. c3 Qb5 21. h3 Rfd8 22. a4 Qb2 23. Rc1 Nd7 24. Na6 Rb6 25. Nb4 Rxb4 26. cxb4 Qxb4 27. Rxc6 Nb6 28. Rc7 a5 29. Rb7 Qd6 30. Qb3 Nc4 31. Re1 g6 32. Qf3 Rd7 33. Rxd7 Qxd7 34. Qb3 Qd6 35. Rb1 Kg7 36. Qg3 Qd7 37. Rb5 Qa7 38. Rc5 Qb6 39. Qc7 Qb4 40. Rc6 Qxa4 41. Rxe6 Qa1+ 42. Kh2 Qxd4 43. f4 a4 44. Ra6 a3 45. Ra7 Qf6 46. g4 Nd6 0-1